Globálna finančná kríza - jej príčiny a dôsledky

Vznik globálnej finančnej krízy a jej dopad na Európsku úniu. Negatívny vývoj HDP takmer vo všetkých krajinách sveta. Zadlženosť krajín Európskej únie. Globálna finančná kríza a dopad na Slovenskú republiku. Dôsledky globálnej finančnej krízy.

Salvato in:
Dettagli Bibliografici
Autore principale: Jurenková, Dana
Natura: Capitolo di libro
Lingua:slovacco
Soggetti:
Tags: Aggiungi Tag
Nessun Tag, puoi essere il primo ad aggiungerne!!

MARC

LEADER 00000naa$a2200000$$$4500
001 0116431
005 20240502072310.5
041 0 |a slo 
044 |a SK 
245 1 0 |a Globálna finančná kríza - jej príčiny a dôsledky  |c Dana Jurenková 
520 |a Vznik globálnej finančnej krízy a jej dopad na Európsku úniu. Negatívny vývoj HDP takmer vo všetkých krajinách sveta. Zadlženosť krajín Európskej únie. Globálna finančná kríza a dopad na Slovenskú republiku. Dôsledky globálnej finančnej krízy. 
610 2 0 |a kríza finančná 
610 2 0 |a kríza hospodárska 
610 2 0 |a zadlženosť 
610 2 0 |a produkt domáci hrubý 
610 2 0 |a prepúšťanie pracovníkov 
610 2 0 |a prostredie podnikateľské 
610 2 0 |a úver 
610 2 0 |a Slovensko 
610 2 0 |a Európska únia 
100 1 |a Jurenková, Dana